000
00294nam a22001337a 4500
008
181224b xxu||||| |||| 00| 0 eng d
020
_a
0205097014
041
_a
eng
080
_a
540
100
_a
12
101
_a
KIM
245
_a
Chemistry the Study of Matter
_c
Dorin,H
942
_2
udc
_c
BK
999
_c
53731
_d
53731